000 00484nam a22001697a 4500
005 20251108172151.0
008 250721s1986 xx 000 0 ara d
082 1 4 _aط/ق/أمي
100 1 _aمراد، أمينة
245 1 0 _aالثعلب الطائر /
264 1 _aالقاهرة : بيروت :
_bدار المعارف،
_c1986.
300 _a16ص : مص
490 0 _aماذا تعلم عن ، 2
650 1 7 _aأدب الأطفال
942 _2ddc
_cBK
999 _c72121
_d72121